000 00312nam a22001337a 4500
008 181217b xxu||||| |||| 00| 0 eng d
020 _a9780132113199
041 _aeng
080 _a510
100 _a36
101 _aMAT
245 _aDifferential Equations A Systems Approach
_cGoldberg,J
942 _2udc
_cBK
999 _c53305
_d53305